000 00676nam a22001577a 4500
003 OSt
005 20151212085246.0
008 151212b xxu||||| |||| 00| 0 eng d
040 _cRUA
082 _aATM.s YIM 2004 B203 Or.1
100 _94742
_aYIM, UTH.
245 _aCompost fertilizer application to rice at preah sdach district prey veng privince, ការប្រើប្រាស់ជីកំប៉ុស្ដិ៍ទៅលើដំណាំស្រូវរបស់កសិករនៅស្រុកព្រះស្ដេចខេត្តព្រៃវែង
260 _aPhnom Penh
_bRUA
_c2004
300 _avii; 34p.
_bill.
_c29cm.
942 _2ddc
_cATMSP
999 _c4419
_d4419